000 01198cam a22003497a 4500
001 000085
003 armpunfd
005 20140612090558.0
008 011019e1977####xx#a##########000#0#und#d
040 _aarmpunfd
_carmpunfd
080 _a34(37) V 862
100 1 0 _a Vogel, Carlos Alfredo
245 1 0 _aHistoria del derecho romano : desde sus origenes hasta la epoca contemporanea
260 _a Buenos Aires
_b Perrot
_cIMP. 1977
300 _a378 p.
500 _aversion taquigrafica de las clases dictadas por el profesor titular de derecho romano dr. jose m. carames ferro en la facultad de derecho y ciencias sociales de la universidad de buenos aires
650 7 _a Derecho Romano
_x Historia
_2LEMB
942 _cLB
_2cdu
945 _aCatalis
_d2010-08-19
945 _aCatalis
_d2010-08-19
945 _aCatalis
_d2010-08-19
945 _aCatalis
_d2010-08-19
945 _aCatalis
_d2010-08-19
945 _aCatalis
_d2010-08-19
945 _aCatalis
_d2010-08-19
945 _aCatalis
_d2010-08-19
945 _aCatalis
_d2010-08-19
945 _aCatalis
_d2010-08-19
945 _aCatalis
_d2010-08-19
945 _aCatalis
_d2010-08-19
945 _aCatalis
_d2010-08-19
999 _c84
_d230588